000 03437cam a2200457 a 4500
999 _c5316
_d5316
001 ocm85898272
003 OCoLC
005 20200107162243.0
008 070827s2007 enk b 001 0 eng
010 _a 2007295433
015 _aGBA720962
_2bnb
016 7 _a013694828
_2Uk
020 _a9781841133942
_q(hbk.)
020 _a1841133949
_q(hbk.)
029 1 _aAU@
_b000041969997
035 _a(OCoLC)85898272
040 _aUKM
_beng
_cTZ-ArACH
042 _alccopycat
043 _af------
049 _aTZAA
050 0 0 _aJC571
_b.M87 2007
082 0 4 _a323
_222
100 1 _aMurray, Rachel
_q(Rachel H.)
245 1 4 _aRole of National Human Rights Institutions at the international and regional levels :
_bthe experience of Africa /
_cRachel Murray.
260 _aOxford ;
_aPortland, Or. :
_bHart,
_c2007.
300 _aviii, 137 pages ;
_c24 cm.
490 1 _aHuman rights law in perspective
504 _aIncludes bibliographical references (pages 117-133) and index.
505 0 _aThe role of National Human Rights Institutions at the international and regional levels -- Legitimacy of NHRI participation -- The role of the NHRIs in the United Nations -- NHRIs at the regional level -- NHRIs as state or non-state actors -- Ensuring the accountability of NHRIs: what role for the international and regional bodies.
520 _a"National Human Rights Institutions (NHRIs), defined by the UN as bodies established to promote and protect human rights, have increased in number since the General Assembly adopted principles governing their effectiveness in 1993. The UN and others have encouraged states to set up such institutions as an indication of their commitment to human rights, and now over 20 such institutions exist in Africa and many more will follow. These institutions have taken various forms including ombudsmen, commissions, or a combination of the two. They differ in terms of how they are established; some by constitution, some by legislation and some by decree. These NHRIs have varying functions, usually both promotional and protective, such as giving advice to government, parliament, and others, making recommendations on compliance with human rights standards, awareness raising, and analysis of law and policy. Despite the considerable variations in the method of their creation, powers and composition, most of these institutions have chosen or indeed been mandated, to become involved in international and regional fora. This book examines these institutions in the African region, the way in which they use the international and regional fora, the effectiveness of their contributions and how they are able to participate." --book jacket.
650 0 _aNational human rights institutions.
_94491
650 0 _aNational human rights institutions
_zAfrica.
650 0 _aHuman rights
_zAfrica.
650 7 _aHuman rights.
_2fast
650 7 _aNational human rights institutions.
_2fast
_94491
651 7 _aAfrica.
_2fast
776 0 8 _iOnline version:
_aMurray, Rachel, Dr.
_tRole of National Human Rights Institutions at the international and regional levels.
_dOxford ; Portland, Or. : Hart, 2007
_w(OCoLC)608641433
776 0 8 _iOnline version:
_aMurray, Rachel, Dr.
_tRole of National Human Rights Institutions at the international and regional levels.
_dOxford ; Portland, Or. : Hart, 2007
_w(OCoLC)609228948
830 0 _aHuman rights law in perspective.
942 _2lcc
_cBOOK